• 首页
  • 本馆介绍
  • 公告通知
  • 最新文献
  • 馆藏检索
  • 电子资源
  • 读者导购
  • 参考咨询
  • 我的图书馆
  • 登录
  • 详细信息显示
  • 放入我的书架
  • 预约/预借图书
  • 作者相关作品
  • 分类相关作品
  • 丛书相关作品
  • 出版社相关作品

书目信息

  • 表格格式
  • 工作单格式
  • 卡片格式
题名:
鲁迅:最受诬蔑的人
    
 
作者: 房向东 著
分册:  
出版信息: 上海   上海书店出版社  2000
页数: 362页
开本: 20cm
丛书名:
单 册:
中图分类: I210.96
科图分类:
主题词: 文学--作品集--中国 , 杂文--作品集--中国--现代
电子资源:
ISBN: 7-80622-485-8
000 00599nam0 2200205 45
001 0309171449
005 20031219104114.9
010    @a7-80622-485-8@dCNY20.00
100    @a20030917d2000 km y0chiy0120 ea
101 0  @achi
105    @a z 000cy
200 1  @a鲁迅:最受诬蔑的人@ALu Xun:Zui Shou Wu Mie De Ren@f房向东著@FFang Xiang Dong Zhu
210    @a上海@c上海书店出版社@d2000
215    @a362页@d20cm
606 0  @a文学@x作品集@x中国
606 0  @a杂文@x作品集@y中国@z现代
690    @aI210.96@v4
701    @a房向东@4著
801    @aCN@bTSTC@c20030917
905    @b325560-564@dI210.96@e189@f5
    
    鲁迅:最受诬蔑的人/房向东著.-上海:上海书店出版社,2000
    362页;20cm
    
    
    ISBN 7-80622-485-8:CNY20.00
    
●
相关链接 在E读中查询图书 在五车中查询图书 在当当中查询图书 在豆瓣中查询图书


正题名:鲁迅:最受诬蔑的人     索取号:I210.96/189         预约/预借

序号 登录号 条形码 馆藏地/架位号 状态 备注
1 0325560   203255609   第二借阅区/ [索取号:I210.96/189] 在馆    
2 0325561   203255618   第二借阅区/ [索取号:I210.96/189] 在馆    
3 0325562   203255627   第二借阅区/ [索取号:I210.96/189] 在馆    
4 0325563   203255636   第二借阅区/ [索取号:I210.96/189] 在馆    
5 0325564   203255645   第一样本阅览室/ [索取号:I210.96/189] 在馆    
唐山师范学院图书馆 欢迎您!
大连网信软件有限公司© 版权所有